| 000 | 00866cam a22002291i 4500 | ||
|---|---|---|---|
| 003 | SA-RiAUC | ||
| 005 | 20250706112236.0 | ||
| 008 | 250705s1983 ua g 00010 ara c | ||
| 040 |
_aADPOL _bara _cSA-RiAUC. _erda |
||
| 082 | 0 | 4 |
_a214.3 _qSA-RiAUC |
| 090 |
_a214.3 _bح ل و |
||
| 100 | 1 |
_aالحلو، ماجد راغب، _d1940- _eمؤلف. |
|
| 245 | 1 | 2 |
_aالاستفتاء الشعبي والشريعة الإسلامية / _cماجد راغب الحلو. |
| 264 | 1 |
_aالإسكندرية، مصر : _bدار المطبوعات الجامعية، _c1983 |
|
| 300 |
_a492 صفحة ؛ _c24 سم |
||
| 336 |
_aنص _btxt _2rdacontent _3كتاب |
||
| 337 |
_aبدون وسيط _bn _2rdamedia |
||
| 338 |
_aمجلد _bnc _2rdacarrier |
||
| 650 | 7 |
_aالإسلام والاستفتاء _2aucsh |
|
| 942 |
_2ddc _cBOOK _n0 |
||
| 949 |
_aSA-JeALM _d250705 _umohamedma123 _n1 |
||
| 999 |
_c9539 _d9539 |
||